00549nam a2200193Ia 450000500170000000800410001702000130005808200130007124500390008426000360012330000220015965000110018165000130019265000110020570000210021694200060023795200970024399900150034020250528032500.0240331s9999 xx 000 0 und d a13919148 bPATa303 0aPatitha :bsamaja vidya sameekshaa aColombobSocial Institutec2006 a182 p ., ( V 4th) aSocial aCultural asurvey aPerera, S. eedt cL 001040708LaWERCLbWERCLcSSCd2024-03-31l0o 303.6 PATp6355r2024-03-31w2024-03-31yL c1459d1459